Регионална библиотека "Любен Каравелов" - Русе

Тотален контрол (Запис номер 25170)

MARC детайли
000 -Лидер
Контролно поле с фиксирана дължина 01240nam a2200325 c 4500
003 - Код на организацията, давaща контролен номер
Контролно поле BLK
005 - Дата и час на последна редакция
Контролно поле 20211020113112.0
008 - Елементи от данни с фиксирана дължина
fixed length control field 180413b bul|||||r ||||||| ||bul||
010 ## - Наследен системен номер
LC control number KNG00027705000
020 ## - Международен стандартен номер на книга ISBN
Международен стандартен номер на книга ISBN 954-8240-51-3
-- издат.: Обсидиан
040 ## - Източник на каталожния запис
Идентификатор на билиотеката - собственик на записа BLK
041 ## - Код за език
Код за езика на текст/звукозапис или на отделно заглавие Български
Код за езика КДБФ Български
080 ## - УДК
Текстов определител УДК Американска литература (на САЩ)
УДК код - определител по УДК 821.111(73)
УДК определител -312.4
УДК - код + определител 821.111(73)-312.4
100 1# - Редна дума - Автор
Автор Балдачи, Дейвид
Авторска отговорност първи автор
R(LIN) 35928
139 ## - Редно поле
Редна дума Балдачи, Дейвид
Авторски знак Балд - Б 21
245 10 - Сведения за заглавието
Заглавие Тотален контрол
Подзаглавни данни Роман
Редно поле (дума) Дейвид Балдачи; прев. от англ. Владимир Германов.
257 ## - Страна на издаване
Страна на създаване/издаване Съединени американски щати
260 ## - Област на издателските данни
-- София
Име на издателя, разпространителя и проч. Обсидиан
Година на издаване 1997
Печатница В. Търново : Абагар
300 ## - Физическа характеристика
Страници 432 с.
Размери/Мащаб 20 см
380 ## - Жанр
Жанр Худож. лит.
500 ## - Общи забележки
Забележка Ориг. загл. Total Control / David Baldacci. - Офс. изд.
653 ## - Ключова дума – ненормативна
Ключова дума трилъри
653 ## - Ключова дума – ненормативна
Ключова дума романи
700 1# - Други автори (авторска отговорност)
Лично име Германов, Владимир
Автороска отговорност (Описва отношението между автора и произведението) прев. от англ.
9 (RLIN) 363432
852 ## - Местоположение
Форматна сигнатура Цб 194776
856 4# - Електронен адрес и достъп
Електронен формат pdf - файл
Път до файла /url/
856 4# - Електронен адрес и достъп
Електронен формат pdf - файл
Път до файла /url/
942 ## - АРТИКУЛИ
Вид на библиотечния материал Книги
Скрит в OPAC Не
Koha issues (borrowed), all copies 19
944 ## - СЪЗДАВАНЕ И РЕДАКЦИЯ на ЗАПИСА
Създаване/Редакция Създаване
Дата на регистрацията/редакция 15.01.2003
Статус, дата на статуса ф /
Служител, извършил регистрацията/редакцията Людмила_Стоянова
944 ## - СЪЗДАВАНЕ И РЕДАКЦИЯ на ЗАПИСА
Създаване/Редакция Редакция
Дата на регистрацията/редакция 10.12.2013
Статус, дата на статуса ф /
Служител, извършил регистрацията/редакцията
999 ## - СИСТЕМНИ КОНТРОЛНИ НОМЕРА
Koha biblionumber 25170
Koha biblioitemnumber 25170
Наличности
Код за отписване Код за изгубен артикул Източник на класификационната схема Код за повреда Коз за рестрикции Код за отдаване Артикулен № Име на библиотеката - собственик Име на библиотеката, в която се намира в момента Статус (Текущо местоположение) Дата на вписване в системата Местоположение - отдел Цена в лева Инвентарен номер Систематично азбучна сигнатура Баркод Номер на екземпляра Цена в евро Служебна бележка Служебен тип на артикула
Изтеглен Не е изгубен Universal Decimal Classification Не е повреден без рестрикции заемане за дома 41338 Регионална библиотека "Любен Каравелов" Русе Регионална библиотека "Любен Каравелов" Русе Заемна - подръчен фонд 2001-01-01 Заемна - подръчен фонд 4.60 636626 П 820(73)-31/Б 21 636626 1 2.35 Дост: Pk Вид: Ф N: стар фонд Дата: 01.01.1997 Книги
Изтеглен Не е изгубен Universal Decimal Classification Не е повреден без рестрикции заемане за дома 41339 Регионална библиотека "Любен Каравелов" Русе Регионална библиотека "Любен Каравелов" Русе Заемна - подръчен фонд 2001-01-01 Заемна - подръчен фонд 4.60 636627 П 820(73)-31/Б 21 636627 2 2.35 Дост: Pk Вид: Ф N: стар фонд Дата: 01.01.1997 Книги
  Не е изгубен Universal Decimal Classification Не е повреден без рестрикции ползва се в читалня 41340 Регионална библиотека "Любен Каравелов" Русе Регионална библиотека "Любен Каравелов" Русе Хранилище 2001-01-01 Хранилище 0.00 648526 Цб 194776 120000648526 3 0.00 Дост: Dp Вид: Д N: стар фонд Дата: 01.01.1997 Книги
Изтеглен Не е изгубен Universal Decimal Classification Не е повреден без рестрикции заемане за дома 41341 Регионална библиотека "Любен Каравелов" Русе Регионална библиотека "Любен Каравелов" Русе Заемна - подръчен фонд 2013-12-09 Заемна - подръчен фонд 4.50 120000772780 П 820(73)-31/Б 21 120000772780 4 2.30 Дост: DA Вид: А N: 20 Дата: 09.12.2013 Книги
Vip Innovations Ltd, Rousse, Bulgaria 2025